Export Ready — 

Filosofía 1ero de bachilllearto

Bibliographic Details
Main Authors: Calvo Jiménez, Manuel, Mayor Zaragosa, Federico
Format: Section = Libro
Language:Undetermined
Spanish
Published: [s.l.] [s.e.] [s.f.]
Subjects:
LEADER 00462nam a2200181Ia 4500
008 240830s9999 xx 000 0 und d
040 |a B-ESTELÍ- RUACS / 100 C168 
041 |a spa 
082 |a 100 C168 
100 1 |a Calvo Jiménez, Manuel 
100 1 |b  Mayor Zaragosa, Federico 
245 1 0 |a Filosofía 1ero de bachilllearto 
260 |a [s.l.]  |b [s.e.]  |c [s.f.] 
300 |a 123 p. 
650 7 |a ARTE-FILOSOFIA 
942 |c BK  |2 ddc 
991 |a TEXTO 
999 |c 10609